Jak přemoci osteoporózu : silné kosti po celý život /

Hlavní autor: Lajusticia Bergasa, Ana María, 1924-
Další autoři: Nosková, Irena, 1963-
Jazyk: Čeština
Vydáno: Olomouc : Fontána, [2018]
Vydání: Vydání první
Témata:
Fyzický popis: 111 stran : ilustrace ; 21 cm
Knihy
Uloženo v:
LEADER 02185nam a2200577 i 4500
001 nkc20183045736
003 CZ PrNK
005 20181109090744.0
007 ta
008 181015t20182018xr a e f 000 0 cze
015 |a cnb003045736 
020 |a 978-80-7336-925-5  |q (brožováno) 
035 |a (OCoLC)1078645281 
040 |a BOA001  |b cze  |d ABA001  |e rda 
041 1 |a cze  |k ger  |h spa 
072 7 |a 616  |x Patologie. Klinická medicína  |2 Konspekt  |9 14 
080 |a 616.71-007.234  |2 MRF 
080 |a 616.72-003.8  |2 MRF 
080 |a 612  |2 MRF 
080 |a 613.2  |2 MRF 
080 |a (035)  |2 MRF 
100 1 |a Lajusticia Bergasa, Ana María,  |d 1924-  |7 ola2018991607  |4 aut 
240 1 0 |a Vencer la osteoporosis.  |l Česky 
245 1 0 |a Jak přemoci osteoporózu :  |b silné kosti po celý život /  |c Ana Maria Lajusticia Bergasa ; z německého vydání Osteoporose besiegen - starke Knochen ein Leben lang ... přeložila Irena Nosková 
250 |a Vydání první 
264 1 |a Olomouc :  |b Fontána,  |c [2018] 
264 4 |c ©2018 
300 |a 111 stran :  |b ilustrace ;  |c 21 cm 
336 |a text  |b txt  |2 rdacontent 
337 |a bez média  |b n  |2 rdamedia 
338 |a svazek  |b nc  |2 rdacarrier 
500 |a Přeloženo z německého překladu španělského originálu 
504 |a Obsahuje bibliografické odkazy 
650 0 7 |a osteoporóza  |7 ph115623  |2 czenas 
650 0 7 |a artróza  |7 ph118624  |2 czenas 
650 0 7 |a fyziologie člověka  |7 ph120451  |2 czenas 
650 0 7 |a racionální výživa  |7 ph124968  |2 czenas 
650 0 9 |a osteoporosis  |2 eczenas 
650 0 9 |a arthrosis  |2 eczenas 
650 0 9 |a human physiology  |2 eczenas 
650 0 9 |a healthy eating  |2 eczenas 
655 7 |a příručky  |7 fd133209  |2 czenas 
655 9 |a handbooks and manuals  |2 eczenas 
700 1 |a Nosková, Irena,  |d 1963-  |7 hka2016913493  |4 trl 
765 1 |t Osteoporose besiegen  |9 Česky 
910 2 |a BOA001  |b 2-1415.288 
990 |a BK 
995 |a 01 
991 |b 201810  |c NOV 
996 6 |b 2610756602  |c 2-1415.288  |l MZK  |r Sklad / do 1 hodiny  |n 2  |p p.v.  |w 001690175  |u 000010  |a 1  |e BOA001  |j MZK50  |s P 
996 7 |b 2610758755  |c 2-1415.288  |l Vol.výběr  |r VV 0p  |n 12  |p kup  |h 615.8 LAJ  |w 001690175  |u 000020  |a 0  |e BOA001  |j MZK50  |s A